[Event "CAN-ch"]
[Site "Brantford"]
[Date "1999.09.09"]
[Round "9"]
[White "Nickoloff, Bryon"]
[Black "Schleifer, Michael"]
[Result "0-1"]
[WhiteElo "2421"]
[BlackElo "2333"]
[PlyCount "61"]
[GameId "2160767911742414"]
[EventDate "1999.08.31"]
[EventType "swiss"]
[EventRounds "9"]
[EventCountry "CAN"]
[SourceTitle "EXT 2000"]
[Source "ChessBase"]
[SourceDate "1999.11.18"]
[SourceVersion "1"]
[SourceVersionDate "1999.11.18"]
[SourceQuality "1"]

1. d4 g6 2. e4 Bg7 3. c4 d6 4. Nc3 Nd7 5. Nf3 e5 6. Be2 Ne7 7. dxe5 dxe5 8. Be3 h6 9. Qa4 f5 10. g3 fxe4 11. Nxe4 Nf5 12. c5 O-O 13. O-O-O Qe8 14. Qc2 Nb8 15. g4 Nxe3 16. fxe3 Be6 17. Nh4 Nc6 18. a3 Na5 19. Rdf1 Bd5 20. Rxf8+ Qxf8 21. Rf1 Nb3+ 22. Qxb3 Qxf1+ 23. Bxf1 Bxb3 24. Nxg6 Rd8 25. Be2 Kf7 26. Nh4 Bf6 27. Nf5 Bg7 28. h4 Bf8 29. g5 Kg6 30. Nfg3 hxg5 31. hxg5 0-1

[Event "CAN-ch"]
[Site "Brantford"]
[Date "1999.09.09"]
[Round "9"]
[White "Spraggett, Kevin"]
[Black "Ross, Dave"]
[Result "1/2-1/2"]
[WhiteElo "2521"]
[BlackElo "2345"]
[PlyCount "41"]
[GameId "2160767911742416"]
[EventDate "1999.08.31"]
[EventType "swiss"]
[EventRounds "9"]
[EventCountry "CAN"]
[SourceTitle "EXT 2000"]
[Source "ChessBase"]
[SourceDate "1999.11.18"]
[SourceVersion "1"]
[SourceVersionDate "1999.11.18"]
[SourceQuality "1"]

1. e4 c5 2. Nf3 Nc6 3. Bb5 g6 4. Bxc6 bxc6 5. O-O Bg7 6. Re1 Nh6 7. c3 O-O 8. h3 f6 9. d4 cxd4 10. cxd4 d6 11. Nc3 Nf7 12. b3 Bd7 13. Bb2 Qa5 14. Nd2 Qa6 15. Nc4 Rfe8 16. Qc2 Rac8 17. Rad1 Qb7 18. Ba1 Bh8 19. Ne3 Bg7 20. f4 e6 21. e5 1/2-1/2

[Event "CAN-ch"]
[Site "Brantford"]
[Date "1999.09.09"]
[Round "9"]
[White "Yoos, John"]
[Black "Fullbrook, Nigel"]
[Result "1/2-1/2"]
[WhiteElo "2302"]
[BlackElo "2225"]
[PlyCount "61"]
[GameId "2160767911742417"]
[EventDate "1999.08.31"]
[EventType "swiss"]
[EventRounds "9"]
[EventCountry "CAN"]
[SourceTitle "EXT 2000"]
[Source "ChessBase"]
[SourceDate "1999.11.18"]
[SourceVersion "1"]
[SourceVersionDate "1999.11.18"]
[SourceQuality "1"]

1. e4 d6 2. d4 Nf6 3. Nc3 g6 4. Be3 c6 5. h3 b5 6. e5 b4 7. exf6 bxc3 8. fxe7 Bxe7 9. bxc3 Nd7 10. Bd3 O-O 11. Nf3 Qa5 12. Bd2 Re8 13. O-O Ba6 14. a4 Nb6 15. Nh2 Nc4 16. Ng4 f5 17. Ne3 Nb2 18. Qb1 Nxd3 19. cxd3 f4 20. Ng4 Bg5 21. Nh2 Qf5 22. c4 Bf6 23. Bc3 g5 24. Qd1 d5 25. Qf3 Rad8 26. Rfe1 Bg7 27. Qh5 Qg6 28. Qxg6 hxg6 29. Nf3 dxc4 30. dxc4 Bxc4 31. Ne5 1/2-1/2

[Event "CAN-ch Elementary w"]
[Site "Toronto CAN"]
[Date "1999.03.04"]
[Round "1"]
[White "Aliev, Inara"]
[Black "Benggawan, Alexandra"]
[Result "0-1"]
[WhiteElo "978"]
[BlackElo "1509"]
[PlyCount "46"]
[GameId "2160767911805459"]
[EventDate "1999.03.04"]
[EventType "tourn"]
[EventRounds "7"]
[EventCountry "CAN"]

1. e4 d5 2. e5 c5 3. c3 Bf5 4. Nf3 Nc6 5. d4 e6 6. Nbd2 cxd4 7. cxd4 Qb6 8. Nb3 Bb4+ 9. Bd2 Bg4 10. Be2 Nge7 11. O-O O-O 12. Be3 Nf5 13. Qd3 Nxe3 14. Qxe3 f6 15. h3 Bxf3 16. Bxf3 fxe5 17. a3 Bd6 18. Rab1 Nxd4 19. Nxd4 Qxd4 20. Qb3 Rab8 21. Rfd1 Qf4 22. Rf1 e4 23. Bg4 Qh2# 0-1

[Event "CAN-ch Elementary w"]
[Site "Toronto CAN"]
[Date "1999.03.04"]
[Round "1"]
[White "Hui, Katrina"]
[Black "Vallieres-Riendeau, Isabelle"]
[Result "1-0"]
[WhiteElo "1071"]
[BlackElo "1211"]
[PlyCount "63"]
[GameId "2160767911805460"]
[EventDate "1999.03.04"]
[EventType "tourn"]
[EventRounds "7"]
[EventCountry "CAN"]

1. e4 e5 2. Nf3 d5 3. Nc3 d4 4. Nb5 a6 5. Na3 Nf6 6. d3 Nc6 7. Bg5 Be7 8. Be2 h6 9. Bh4 Be6 10. O-O O-O 11. Nc4 Bxc4 12. dxc4 Nxe4 13. Bxe7 Qe8 14. Bxf8 Qxf8 15. Qd3 Nf6 16. c3 e4 17. Qc2 exf3 18. Bxf3 Rd8 19. Rad1 Qe8 20. Bxc6 Qxc6 21. cxd4 Qe6 22. Rfe1 Qd7 23. Rd2 Ng4 24. Rde2 Qd6 25. Re8+ Rxe8 26. Rxe8+ Qf8 27. Rxf8+ Kxf8 28. Qe4 Nf6 29. Qxb7 Ne8 30. Qc8 Ke7 31. Qxa6 Nf6 32. d5 1-0

[Event "CAN-ch Elementary w"]
[Site "Toronto CAN"]
[Date "1999.03.04"]
[Round "1"]
[White "Kazakevich, Anastasia"]
[Black "Golts, Diana"]
[Result "0-1"]
[WhiteElo "1531"]
[BlackElo "1734"]
[PlyCount "100"]
[GameId "2160767911805461"]
[EventDate "1999.03.04"]
[EventType "tourn"]
[EventRounds "7"]
[EventCountry "CAN"]

1. d4 Nf6 2. c4 e6 3. Nc3 d5 4. Nf3 b6 5. Bg5 Bb7 6. e3 Be7 7. Bd3 Nbd7 8. O-O O-O 9. Re1 Rc8 10. Rc1 c5 11. b3 Re8 12. Qe2 dxc4 13. bxc4 a6 14. Rb1 h6 15. Bh4 a5 16. Rb2 Nd5 17. Bxe7 Nxc3 18. Bxd8 Nxe2+ 19. Bxe2 Rexd8 20. Rc1 Be4 21. Nd2 Bc6 22. Bf3 Kf8 23. Bxc6 Rxc6 24. Kf1 Nf6 25. Nf3 Rdd6 26. Ke2 g5 27. Rd2 Ne4 28. Rd3 Rc8 29. Nd2 Nxd2 30. Rxd2 Rcd8 31. Rcd1 Ke7 32. g3 f5 33. h3 R8d7 34. f3 Kd8 35. Rd3 Kc7 36. R1d2 Kc6 37. f4 gxf4 38. gxf4 Rg7 39. Kf3 h5 40. Rg2 Rxg2 41. Kxg2 Rd7 42. Kf3 h4 43. e4 Rxd4 44. Rxd4 cxd4 45. exf5 exf5 46. Ke2 b5 47. Kd3 b4 48. Kxd4 a4 49. Ke3 b3 50. axb3 a3 0-1

[Event "CAN-ch Elementary w"]
[Site "Toronto CAN"]
[Date "1999.03.04"]
[Round "1"]
[White "Tsimakouridze, Elena"]
[Black "Goutor, Valentina"]
[Result "1-0"]
[WhiteElo "1210"]
[BlackElo "1522"]
[PlyCount "135"]
[GameId "2160767911805462"]
[EventDate "1999.03.04"]
[EventType "tourn"]
[EventRounds "7"]
[EventCountry "CAN"]
[SourceTitle "EXT 2000"]
[Source "ChessBase"]
[SourceDate "1999.11.18"]
[SourceVersion "1"]
[SourceVersionDate "1999.11.18"]
[SourceQuality "1"]

1. e4 e6 2. d4 d5 3. e5 c5 4. Nf3 Nc6 5. Be3 b6 6. Bb5 Bb7 7. c3 f6 8. O-O fxe5 9. Nxe5 Qc7 10. Bf4 Bd6 11. Qh5+ g6 12. Qg5 a6 13. Bxc6+ Bxc6 14. Nd2 Be7 15. Qg4 Nf6 16. Qxe6 Bd7 17. Qf7+ Kd8 18. Qg7 Rg8 19. Qh6 Kc8 20. Rab1 Kb7 21. b3 Raf8 22. g3 Nh5 23. a4 Nxf4 24. gxf4 g5 25. Qxh7 gxf4+ 26. Kh1 Bf5 27. Qh6 Rh8 28. Qg7 Rh7 29. Qg1 Bf6 30. f3 Bh3 31. Rfe1 Bh4 32. Ng6 Rg8 33. dxc5 Rhg7 34. cxb6 Rxg6 35. Qxg6 Rxg6 36. bxc7 Kxc7 37. Rg1 Re6 38. Rg7+ Kc6 39. Rh7 Bf5 40. Rxh4 Bxb1 41. Nxb1 Re1+ 42. Kg2 Rxb1 43. Rxf4 Rxb3 44. Rf6+ Kb7 45. Rd6 Rxc3 46. Rxd5 Ra3 47. Rd4 Kb6 48. h4 Re3 49. Re4 Rxe4 50. fxe4 Ka5 51. h5 Kxa4 52. h6 Kb3 53. h7 a5 54. h8=Q a4 55. Qa1 Kc4 56. Qxa4+ Kc5 57. Qd1 Kc6 58. e5 Kc7 59. e6 Kc6 60. Qd7+ Kc5 61. e7 Kc4 62. Kf3 Kc5 63. Ke4 Kc4 64. Qc6+ Kb4 65. Kd3 Kb3 66. Qb5+ Ka2 67. e8=Q Ka1 68. Qa8# 1-0

[Event "CAN-ch Elementary w"]
[Site "Toronto CAN"]
[Date "1999.03.04"]
[Round "2"]
[White "Aliev, Inara"]
[Black "Kazakevich, Anastasia"]
[Result "0-1"]
[WhiteElo "978"]
[BlackElo "1531"]
[PlyCount "84"]
[GameId "2160767911805463"]
[EventDate "1999.03.04"]
[EventType "tourn"]
[EventRounds "7"]
[EventCountry "CAN"]

1. e4 d5 2. e5 Bf5 3. d4 e6 4. Nc3 c5 5. Nf3 Nc6 6. Be2 f6 7. Bf4 Bg6 8. O-O Qd7 9. exf6 Nxf6 10. Nb5 Rc8 11. c3 a6 12. Na3 c4 13. b4 a5 14. Qa4 axb4 15. cxb4 Nxb4 16. Qxd7+ Nxd7 17. Nb5 Na6 18. Bd6 Rc6 19. Bxf8 Kxf8 20. Na7 Rc7 21. Nb5 Rc8 22. Na7 Rd8 23. Ng5 Ke7 24. Bg4 Nc7 25. Rfe1 Bf7 26. Rab1 Rb8 27. Nxf7 Kxf7 28. f4 g6 29. h4 h5 30. Bh3 Nf6 31. Rb6 Rhe8 32. Rd6 Rbd8 33. Rb6 Rb8 34. Rd6 Re7 35. Rb1 Ree8 36. Rdb6 Na6 37. Rxb7+ Rxb7 38. Rxb7+ Re7 39. Rxe7+ Kxe7 40. Nc6+ Kd7 41. Ne5+ Kd6 42. Nxg6 c3 0-1

[Event "CAN-ch Elementary w"]
[Site "Toronto CAN"]
[Date "1999.03.04"]
[Round "2"]
[White "Benggawan, Alexandra"]
[Black "Vallieres-Riendeau, Isabelle"]
[Result "1-0"]
[WhiteElo "1509"]
[BlackElo "1211"]
[PlyCount "59"]
[GameId "2160767911805464"]
[EventDate "1999.03.04"]
[EventType "tourn"]
[EventRounds "7"]
[EventCountry "CAN"]

1. e4 Nc6 2. Nf3 e5 3. Nc3 Nf6 4. d4 exd4 5. Nxd4 Nxd4 6. Qxd4 Bd6 7. e5 Be7 8. exf6 Bxf6 9. Qe4+ Be7 10. Bg5 O-O 11. Bxe7 Qe8 12. Bxf8 Qxe4+ 13. Nxe4 d5 14. Nc3 Kxf8 15. Nxd5 Be6 16. Nxc7 Rc8 17. Nxe6+ fxe6 18. Bd3 Re8 19. O-O-O h6 20. Rhe1 g5 21. Bc4 e5 22. Rd6 h5 23. Rd5 e4 24. Rxg5 h4 25. Rg4 Rc8 26. Rgxe4 h3 27. R1e3 hxg2 28. Rf3+ Kg7 29. Rg4+ Kh6 30. Rh3# 1-0

[Event "CAN-ch Elementary w"]
[Site "Toronto CAN"]
[Date "1999.03.04"]
[Round "2"]
[White "Golts, Diana"]
[Black "Tsimakouridze, Elena"]
[Result "1-0"]
[WhiteElo "1734"]
[BlackElo "1210"]
[PlyCount "75"]
[GameId "2160767911805465"]
[EventDate "1999.03.04"]
[EventType "tourn"]
[EventRounds "7"]
[EventCountry "CAN"]

1. e4 e5 2. Nf3 Nc6 3. Bc4 d6 4. h3 Na5 5. Be2 Nf6 6. d3 h6 7. Nc3 Be6 8. Be3 Be7 9. O-O Nc6 10. Qd2 Qd7 11. Kh2 b6 12. d4 d5 13. exd5 Nxd5 14. dxe5 Nxe3 15. Qxe3 O-O-O 16. Bb5 Bc5 17. Qe4 Kb7 18. Rad1 f5 19. Qa4 Qc8 20. Ba6+ Kb8 21. Bxc8 Bxc8 22. Qxc6 Bb7 23. Rxd8+ Rxd8 24. Qg6 Bf8 25. Qxf5 Bc8 26. Qf7 g5 27. Nd5 Rd7 28. Qxf8 Rxd5 29. e6 Kb7 30. e7 Bd7 31. e8=Q Bxe8 32. Qxe8 Rc5 33. Qe4+ Rc6 34. Ne5 Ka6 35. Qxc6 h5 36. Nd7 g4 37. b3 Ka5 38. Qa4# 1-0

[Event "CAN-ch Elementary w"]
[Site "Toronto CAN"]
[Date "1999.03.04"]
[Round "2"]
[White "Goutor, Valentina"]
[Black "Hui, Katrina"]
[Result "1-0"]
[WhiteElo "1522"]
[BlackElo "1071"]
[PlyCount "53"]
[GameId "2160767911805466"]
[EventDate "1999.03.04"]
[EventType "tourn"]
[EventRounds "7"]
[EventCountry "CAN"]
[SourceTitle "EXT 2000"]
[Source "ChessBase"]
[SourceDate "1999.11.18"]
[SourceVersion "1"]
[SourceVersionDate "1999.11.18"]
[SourceQuality "1"]

1. e4 e5 2. Nf3 Nc6 3. d4 d6 4. Nc3 Bg4 5. Bc4 Nf6 6. Be3 Be7 7. h3 Bh5 8. Qd2 Bxf3 9. gxf3 O-O 10. O-O-O Nb4 11. Rhg1 g6 12. Qe2 Qe8 13. Bh6 c5 14. dxe5 dxe5 15. Bxf8 Bxf8 16. a3 Nc6 17. Nd5 Nxd5 18. Bxd5 Nd4 19. Qe3 Qd7 20. c3 Nc6 21. h4 h5 22. Rxg6+ Kh7 23. Rf6 Nd8 24. Qg5 Qe7 25. Qxh5+ Bh6+ 26. Qxh6+ Kg8 27. Rg6# 1-0

[Event "CAN-ch Elementary w"]
[Site "Toronto CAN"]
[Date "1999.03.05"]
[Round "3"]
[White "Hui, Katrina"]
[Black "Golts, Diana"]
[Result "0-1"]
[WhiteElo "1071"]
[BlackElo "1734"]
[PlyCount "84"]
[GameId "2160767911805467"]
[EventDate "1999.03.04"]
[EventType "tourn"]
[EventRounds "7"]
[EventCountry "CAN"]

1. e4 e5 2. Nf3 Nc6 3. Bb5 d6 4. d3 Nf6 5. Bg5 Be7 6. h3 O-O 7. Nc3 h6 8. Bh4 Be6 9. O-O a6 10. Bxc6 bxc6 11. Qd2 Nxe4 12. dxe4 Bxh4 13. Nxh4 Qxh4 14. Qe3 Qf6 15. f4 Rfd8 16. fxe5 Qxe5 17. Qf4 Qd4+ 18. Kh1 Rab8 19. Rab1 Rb7 20. Rf3 Rdb8 21. b3 d5 22. exd5 Qxf4 23. Rxf4 cxd5 24. Rd4 c6 25. Na4 Rb5 26. a3 Ra5 27. Ra1 c5 28. Rd3 c4 29. Rg3 d4 30. Nb2 cxb3 31. cxb3 Rxb3 32. Rxb3 Bxb3 33. a4 Kf8 34. Kg1 Ke7 35. Kf2 Kd6 36. Ke2 Kd5 37. Kd3 Rc5 38. a5 Rc3+ 39. Kd2 Rc2+ 40. Ke1 Rxb2 41. Rc1 Bc4 42. Kd1 d3 0-1

[Event "CAN-ch Elementary w"]
[Site "Toronto CAN"]
[Date "1999.03.05"]
[Round "3"]
[White "Kazakevich, Anastasia"]
[Black "Benggawan, Alexandra"]
[Result "0-1"]
[WhiteElo "1531"]
[BlackElo "1509"]
[PlyCount "90"]
[GameId "2160767911805468"]
[EventDate "1999.03.04"]
[EventType "tourn"]
[EventRounds "7"]
[EventCountry "CAN"]

1. d4 d5 2. c4 e6 3. Nc3 Nf6 4. Nf3 Be7 5. e3 O-O 6. Bd3 dxc4 7. Bxc4 Nbd7 8. O-O c5 9. a3 b6 10. dxc5 Nxc5 11. b4 Nce4 12. Nxe4 Nxe4 13. Bb2 Bb7 14. Qxd8 Raxd8 15. Rfd1 Rc8 16. Rac1 Rfd8 17. Be2 Rxc1 18. Rxc1 Nd2 19. Rd1 Nxf3+ 20. Bxf3 Bxf3 21. Rxd8+ Bxd8 22. gxf3 Kf8 23. Kf1 Bc7 24. h3 f6 25. Ke2 Ke7 26. Kd3 b5 27. Kd4 Be5+ 28. Kd3 Bxb2 29. Kc2 Bxa3 30. Kb3 Bxb4 31. Kxb4 a6 32. e4 Kd6 33. f4 Kc6 34. f3 Kb6 35. e5 fxe5 36. fxe5 a5+ 37. Kb3 Kc5 38. f4 g6 39. h4 h5 40. Kc3 b4+ 41. Kb3 Kb5 42. Kb2 Kc4 43. f5 gxf5 44. Kc2 b3+ 45. Kb2 a4 0-1

[Event "CAN-ch Elementary w"]
[Site "Toronto CAN"]
[Date "1999.03.05"]
[Round "3"]
[White "Tsimakouridze, Elena"]
[Black "Aliev, Inara"]
[Result "1-0"]
[WhiteElo "1210"]
[BlackElo "978"]
[PlyCount "65"]
[GameId "2160767911805469"]
[EventDate "1999.03.04"]
[EventType "tourn"]
[EventRounds "7"]
[EventCountry "CAN"]

1. e4 c6 2. d4 d5 3. e5 Bf5 4. Nc3 e6 5. Nf3 Nd7 6. Be2 c5 7. Be3 b6 8. O-O f6 9. Bf4 cxd4 10. Qxd4 Bc5 11. Qd2 Qe7 12. Bb5 O-O-O 13. a3 a5 14. Na4 h6 15. Ba6+ Kb8 16. exf6+ Ka7 17. fxe7 Re8 18. Bb5 Rxe7 19. b4 g5 20. Bg3 Ngf6 21. bxc5 Ne4 22. Qe1 g4 23. Nd4 Rhe8 24. cxb6+ Kb7 25. Qxa5 Nxb6 26. Qxb6+ Kc8 27. Bxe8 Nxg3 28. fxg3 Rb7 29. Qc6+ Rc7 30. Bd7+ Kb8 31. Rab1+ Ka7 32. Qxc7+ Ka6 33. Qb6# 1-0

[Event "CAN-ch Elementary w"]
[Site "Toronto CAN"]
[Date "1999.03.05"]
[Round "3"]
[White "Vallieres-Riendeau, Isabelle"]
[Black "Goutor, Valentina"]
[Result "0-1"]
[WhiteElo "1211"]
[BlackElo "1522"]
[PlyCount "100"]
[GameId "2160767911805470"]
[EventDate "1999.03.04"]
[EventType "tourn"]
[EventRounds "7"]
[EventCountry "CAN"]
[SourceTitle "EXT 2000"]
[Source "ChessBase"]
[SourceDate "1999.11.18"]
[SourceVersion "1"]
[SourceVersionDate "1999.11.18"]
[SourceQuality "1"]

1. e4 e6 2. d4 d5 3. e5 c5 4. Nf3 Nc6 5. Be3 Qb6 6. Bd3 Qxb2 7. Nbd2 cxd4 8. Bf4 Bb4 9. O-O Bxd2 10. Qxd2 Nge7 11. Rfb1 Qc3 12. Qd1 O-O 13. Rb3 Qa5 14. Be2 f6 15. Nxd4 fxe5 16. Nxc6 Nxc6 17. Bc1 Qc5 18. Be3 d4 19. Bd2 d3 20. Be3 dxe2 21. Bxc5 exd1=Q+ 22. Rxd1 Rd8 23. Rxd8+ Nxd8 24. Rf3 Nf7 25. h3 b6 26. Bb4 Bb7 27. Rc3 a5 28. Be7 Re8 29. Rc7 Bd5 30. g4 Bxa2 31. h4 a4 32. Ba3 b5 33. Rb7 Bc4 34. h5 Rd8 35. Be7 Rd1+ 36. Kg2 Bd5+ 37. f3 Bxb7 38. g5 Rd2+ 39. Kg3 Rxc2 40. g6 hxg6 41. hxg6 Nh6 42. Kh4 Rc3 43. Bb4 Rxf3 44. Kh5 a3 45. Bd6 a2 46. Bxe5 Rf1 47. Kh4 a1=Q 48. Bh2 Qf6+ 49. Kh3 Qf3+ 50. Kh4 Qg4# 0-1

[Event "CAN-ch Elementary w"]
[Site "Toronto CAN"]
[Date "1999.03.05"]
[Round "4"]
[White "Benggawan, Alexandra"]
[Black "Goutor, Valentina"]
[Result "0-1"]
[WhiteElo "1509"]
[BlackElo "1522"]
[PlyCount "118"]
[GameId "2160767911805472"]
[EventDate "1999.03.04"]
[EventType "tourn"]
[EventRounds "7"]
[EventCountry "CAN"]
[SourceTitle "EXT 2000"]
[Source "ChessBase"]
[SourceDate "1999.11.18"]
[SourceVersion "1"]
[SourceVersionDate "1999.11.18"]
[SourceQuality "1"]

1. e4 e6 2. d4 d5 3. Nd2 c5 4. c3 Nc6 5. Ne2 Nge7 6. e5 Nf5 7. Nf3 Be7 8. Ng3 O-O 9. Be2 f6 10. exf6 Rxf6 11. dxc5 h6 12. O-O Bxc5 13. b3 Nxg3 14. hxg3 Qd6 15. Kh1 e5 16. c4 Nd4 17. cxd5 Kh8 18. Bb2 Qxd5 19. Nxd4 Bxd4 20. Bxd4 exd4 21. Rc1 Rc6 22. Bf3 Rxc1 23. Bxd5 Rxd1 24. Rxd1 Bf5 25. Rxd4 Rd8 26. Rf4 Rxd5 27. g4 Bb1 28. Ra4 a6 29. a3 Bc2 30. Rb4 Rb5 31. Rxb5 axb5 32. b4 Kg8 33. Kg1 Kf7 34. Kf1 Kf6 35. Ke2 g6 36. Ke3 Kg5 37. Kf3 Bd1+ 38. Ke3 Bxg4 39. Kd3 h5 40. g3 Bf5+ 41. Ke3 Kg4 42. Kd4 Kf3 43. Kc5 Bd7 44. Kd6 Bc6 45. Ke5 Kxf2 46. Kf4 Ke2 47. Kg5 Be4 48. g4 hxg4 49. Kxg4 Kd2 50. Kf4 Bf5 51. Ke5 Kc3 52. Kd5 Kb3 53. Kc5 Bd7 54. Kd6 g5 55. Kxd7 g4 56. Kc7 g3 57. Kxb7 g2 58. Kb6 Kxa3 59. Kxb5 g1=Q 0-1

[Event "CAN-ch Elementary w"]
[Site "Toronto CAN"]
[Date "1999.03.05"]
[Round "4"]
[White "Golts, Diana"]
[Black "Vallieres-Riendeau, Isabelle"]
[Result "1-0"]
[WhiteElo "1734"]
[BlackElo "1211"]
[PlyCount "59"]
[GameId "2160767911805473"]
[EventDate "1999.03.04"]
[EventType "tourn"]
[EventRounds "7"]
[EventCountry "CAN"]

1. e4 e5 2. Nf3 Nc6 3. Bc4 Nf6 4. d3 Bc5 5. O-O d5 6. exd5 Nxd5 7. h3 Nf6 8. Re1 O-O 9. Nxe5 Re8 10. Bxf7+ Kf8 11. Bxe8 Nxe8 12. Qf3+ Nf6 13. Nxc6 bxc6 14. Qxc6 Rb8 15. Qxc5+ Kg8 16. Qe7 Qd4 17. Qxc7 Ra8 18. Bg5 Ba6 19. Bxf6 Qxf6 20. Qd7 Qf8 21. Qe6+ Kh8 22. Qxa6 Qf6 23. Qxf6 gxf6 24. Nc3 Rb8 25. b3 Kg7 26. Re7+ Kg6 27. Rae1 h6 28. R1e6 Kf5 29. Ne4 Rc8 30. Rxf6# 1-0

[Event "CAN-ch Elementary w"]
[Site "Toronto CAN"]
[Date "1999.03.05"]
[Round "4"]
[White "Kazakevich, Anastasia"]
[Black "Tsimakouridze, Elena"]
[Result "1-0"]
[WhiteElo "1531"]
[BlackElo "1210"]
[PlyCount "147"]
[GameId "2160767911805474"]
[EventDate "1999.03.04"]
[EventType "tourn"]
[EventRounds "7"]
[EventCountry "CAN"]

1. d4 d5 2. c4 Nf6 3. Nc3 e6 4. Nf3 Nc6 5. Bg5 Be7 6. e3 Na5 7. Qa4+ Nc6 8. Ne5 Bd7 9. Nxd7 Qxd7 10. cxd5 Nxd5 11. Bxe7 Ndxe7 12. Bb5 a6 13. O-O O-O 14. Bxc6 Nxc6 15. Rfd1 Qe7 16. d5 Ne5 17. Qe4 Ng6 18. dxe6 Qxe6 19. Qxe6 fxe6 20. Rd7 Rf7 21. Rad1 Ne5 22. Rxf7 Nxf7 23. Rd7 Rc8 24. Re7 Ng5 25. f4 Kf8 26. Rd7 Nf7 27. Rd3 Ke7 28. g4 g6 29. Kf2 e5 30. Kf3 exf4 31. Kxf4 Rf8 32. Nd5+ Kd6 33. Nf6+ Ke6 34. Nxh7 Ne5+ 35. Nxf8+ Kf6 36. Rd5 g5+ 37. Ke4 Nxg4 38. Rf5+ Ke7 39. Ng6+ Ke6 40. Rxg5 Nxh2 41. Rg2 Nf1 42. Kf3 c5 43. Rf2 Nxe3 44. Kxe3 Kd5 45. Rd2+ Kc4 46. Ne5+ Kb4 47. Rc2 b6 48. Nd7 Kb5 49. a4+ Ka5 50. Nxc5 bxc5 51. Rxc5+ Kxa4 52. Kd3 Kb4 53. Rc3 a5 54. Kc2 a4 55. b3 a3 56. Rf3 a2 57. Kb2 a1=Q+ 58. Kxa1 Kb5 59. Rf4 Kc5 60. b4+ Kb5 61. Kb2 Kb6 62. Rf5 Kc6 63. b5+ Kb6 64. Kb3 Kc7 65. Rf6 Kb7 66. b6 Kc8 67. Kc4 Kb7 68. Kc5 Ka8 69. b7+ Kxb7 70. Rc6 Ka7 71. Rb6 Ka8 72. Kc6 Ka7 73. Kc7 Ka8 74. Ra6# 1-0

[Event "CAN-ch Elementary w"]
[Site "Toronto CAN"]
[Date "1999.03.06"]
[Round "5"]
[White "Goutor, Valentina"]
[Black "Golts, Diana"]
[Result "0-1"]
[WhiteElo "1522"]
[BlackElo "1734"]
[PlyCount "152"]
[GameId "2160767911805475"]
[EventDate "1999.03.04"]
[EventType "tourn"]
[EventRounds "7"]
[EventCountry "CAN"]
[SourceTitle "EXT 2000"]
[Source "ChessBase"]
[SourceDate "1999.11.18"]
[SourceVersion "1"]
[SourceVersionDate "1999.11.18"]
[SourceQuality "1"]

1. e4 e5 2. Nf3 Nc6 3. d4 exd4 4. Nxd4 d6 5. Nc3 Be7 6. Bc4 Nf6 7. O-O O-O 8. Be3 Bg4 9. f3 Bh5 10. Qe2 Re8 11. Rad1 Qd7 12. Bb5 a6 13. Bxc6 bxc6 14. Nf5 Nxe4 15. Nh6+ gxh6 16. Nxe4 Qe6 17. Ng3 Bg6 18. b3 Bh4 19. Rfe1 Bxg3 20. hxg3 h5 21. Qd2 Qf5 22. Qc3 Qxc2 23. Qa1 Qf5 24. Bh6 f6 25. g4 hxg4 26. fxg4 Qxg4 27. Qxf6 Qd7 28. Rxe8+ Rxe8 29. Rf1 Qf7 30. Qd4 Qe7 31. Qc4+ d5 32. Qxc6 Qd6 33. Qc3 d4 34. Qc4+ Kh8 35. Rd1 c5 36. Rf1 d3 37. Qc3+ Qd4+ 38. Qxd4+ cxd4 39. Rd1 Kg8 40. Rf1 Bf7 41. Rd1 Re6 42. Bf4 Bg6 43. Kf2 Re2+ 44. Kf1 Rxa2 45. b4 Rc2 46. Bd6 Kf7 47. Bc5 Rc4 48. Bd6 Ke6 49. Bf8 Rc8 50. Bc5 Kd5 51. Kf2 a5 52. Ke1 Kc4 53. Rc1+ Kb5 54. Kd2 axb4 55. Bxd4 Rc2+ 56. Rxc2 dxc2 57. Kc1 b3 58. Bb2 Kc5 59. Kd2 Kc4 60. Ba1 h5 61. g3 Kd5 62. Bb2 Ke4 63. Kc3 Bf7 64. Kd2 Kf3 65. Be5 Bg6 66. Kc1 Be4 67. Bf4 h4 68. gxh4 Kxf4 69. h5 Ke3 70. h6 Ke2 71. h7 Bxh7 72. Kb2 Kd2 73. Ka3 c1=Q+ 74. Kxb3 Bd3 75. Kb4 Qc4+ 76. Ka3 Qb5 0-1

[Event "CAN-ch Elementary w"]
[Site "Toronto CAN"]
[Date "1999.03.06"]
[Round "5"]
[White "Hui, Katrina"]
[Black "Kazakevich, Anastasia"]
[Result "0-1"]
[WhiteElo "1071"]
[BlackElo "1531"]
[PlyCount "94"]
[GameId "2160767911805476"]
[EventDate "1999.03.04"]
[EventType "tourn"]
[EventRounds "7"]
[EventCountry "CAN"]

1. e4 d5 2. exd5 Nf6 3. Nc3 Nxd5 4. d4 Nxc3 5. bxc3 Bf5 6. Nf3 e6 7. Bc4 Nc6 8. O-O Be7 9. Be3 O-O 10. Rc1 Bg4 11. h3 Bh5 12. Be2 Qd6 13. Ng5 Bxe2 14. Qxe2 Bxg5 15. Bxg5 h6 16. Be3 e5 17. Rcd1 Qa3 18. Qg4 Kh8 19. dxe5 Nxe5 20. Qd4 f6 21. Ra1 Rfd8 22. Qb4 Qxb4 23. cxb4 a6 24. Bf4 Re8 25. Rfe1 Rad8 26. Rad1 Rxd1 27. Rxd1 c6 28. Re1 Nf3+ 29. gxf3 Rxe1+ 30. Kg2 Re2 31. a4 Rxc2 32. Be3 Rc4 33. Bd2 c5 34. bxc5 Rxc5 35. a5 Rb5 36. Kg3 Kg8 37. Kf4 Kf7 38. Ke4 Ke6 39. Kd4 Kd6 40. Kc4 Rh5 41. Bf4+ Kc6 42. Be3 Rxa5 43. f4 Ra4+ 44. Kd3 b5 45. h4 Kd5 46. Ke2 a5 47. Kd2 Rc4 0-1

[Event "CAN-ch Elementary w"]
[Site "Toronto CAN"]
[Date "1999.03.06"]
[Round "5"]
[White "Tsimakouridze, Elena"]
[Black "Benggawan, Alexandra"]
[Result "1-0"]
[WhiteElo "1210"]
[BlackElo "1509"]
[PlyCount "73"]
[GameId "2160767911805477"]
[EventDate "1999.03.04"]
[EventType "tourn"]
[EventRounds "7"]
[EventCountry "CAN"]

1. e4 d5 2. e5 c5 3. Nf3 Nc6 4. c3 Bf5 5. d4 e6 6. Be3 Qb6 7. Be2 Qxb2 8. Nbd2 cxd4 9. cxd4 Bc2 10. Qc1 Ba3 11. Nf1 Qc3+ 12. Bd2 Bxc1 13. Bxc3 Ba3 14. Ne3 Nge7 15. Nxc2 b5 16. Bxb5 Rb8 17. Nxa3 O-O 18. O-O a6 19. Bxa6 Ra8 20. Bd3 Rxa3 21. Rfc1 Nc8 22. Bb5 N8a7 23. Be2 Nc8 24. Bb2 Nxd4 25. Nxd4 Ra4 26. Nc6 Na7 27. Nxa7 Rxa7 28. Bd4 Ra4 29. Rd1 Rfa8 30. Rd2 Kf8 31. Bc5+ Kg8 32. h3 R4a5 33. Bd4 Ra4 34. Bb5 Rb4 35. Bf1 Raa4 36. Rc1 Rxd4 37. Rc8# 1-0

[Event "CAN-ch Elementary w"]
[Site "Toronto CAN"]
[Date "1999.03.06"]
[Round "5"]
[White "Vallieres-Riendeau, Isabelle"]
[Black "Aliev, Inara"]
[Result "1-0"]
[WhiteElo "1211"]
[BlackElo "978"]
[PlyCount "51"]
[GameId "2160767911805478"]
[EventDate "1999.03.04"]
[EventType "tourn"]
[EventRounds "7"]
[EventCountry "CAN"]

1. e4 c6 2. d4 d5 3. Nc3 Nf6 4. e5 Ng4 5. h3 Nh6 6. Nf3 e6 7. Be2 c5 8. Be3 Nf5 9. dxc5 Nxe3 10. fxe3 Bxc5 11. Qd2 Nc6 12. e4 d4 13. Na4 Bb4 14. c3 dxc3 15. bxc3 Ba5 16. Qc2 Nd4 17. Nxd4 Qxd4 18. Rd1 Qe3 19. Rf1 Qg3+ 20. Rf2 b5 21. Bxb5+ Ke7 22. Kf1 Qxe5 23. Qb2 Qxe4 24. Qa3+ Bb4 25. cxb4 Qc2 26. Rxc2 1-0